Statistiques concernant Miss France de 2000 à 2022

Cliquez ici pour prendre le quiz!

Statistiques générales

  • Ce quiz a été pris 703 fois
    (571 depuis la dernière actualisation)
  • Le résultat moyen est 15 sur 24

Statistiques - réponses

Année de règnePrénom et nom% Correct
2021Amandine Petit
84%
2015Camille Cerf
84%
2016Iris Mittenaere
84%
2022Diane Leyre
83%
2020Clémence Botino
77%
2023Indira Ampiot
77%
2018Maeva Coucke
76%
2002Sylvie Tellier
75%
2019Vaimalama Chaves
72%
2014Flora Coquerel
67%
2013Marine Lorphelin
67%
2001Elodie Gossuin
66%
2017Alicia Aylies
65%
2012Delphine Wespiser
62%
2010Malika Ménard
62%
2000Sonia Rolland
61%
2011Laury Thilleman
57%
2008Valérie Bègue
51%
2005Cindy Fabre
50%
2006Alexandra Rosenfeld
46%
2007Rachel Legrain-Trapani
45%
2009Chloé Mortaud
40%
2003Corinne Coman
39%
2004Laetitia Bléger
36%

Distribution des résultats

Percentile par nombre de réponses

% des personnes avec chaque résultat

Votre développement - résultats

Vous n’avez pas pris ce quiz depuis la dernière actualisation